| 000 | 00550nam a2200193 a 4500 | ||
|---|---|---|---|
| 005 | 20240913064030.0 | ||
| 008 | 991125s1974 mx 000 0 spa u | ||
| 035 | _aUPN01000048161 | ||
| 049 | _aCG | ||
| 050 | 4 |
_aLB1025 _bC6.2 |
|
| 100 | 1 | _aCosta Jou, Ramón | |
| 245 | 1 | 0 |
_aA propósito de la escuela activa / _cRamón Costa Jou. |
| 260 |
_aMéxico : _bNuevas Técnicas Educativas, _c1974. |
||
| 300 | _a124 p. | ||
| 440 | 0 |
_aReforma educativa ; _v5 |
|
| 650 | 4 |
_aInnovaciones educativas _9386 |
|
| 650 | 4 |
_aEscuela activa _94099 |
|
| 905 | _aLibro | ||
| 999 |
_c48161 _d48161 |
||